| 000 | 00714cab a2200229 4500 | ||
|---|---|---|---|
| 001 | WB2710-29 | ||
| 008 | 090401t1991 xxu||||| |||| 00| 0 eng d | ||
| 035 | _a(Sirsi) u28149 | ||
| 041 | _aeng | ||
| 245 | _aCommunity planners in Ronan Point challenge | ||
| 260 | _c1991 | ||
| 350 | _a0 | ||
| 490 |
_aPlanning (for the Natural and Built Environment) _v(907) 1 March 1991, 6(1) |
||
| 520 | _aDiscusses the controversy over the community development scheme for Ronan Point site. See also WB2707-28. | ||
| 650 | _aCOMMUNITY PLANNING | ||
| 650 | _aHOUSING | ||
| 650 | _aPLANNING FOR REAL TECHNIQUES | ||
| 650 | _aREDEVELOPMENT | ||
| 690 | _aPLANNING LAW AND PRACTICE | ||
| 942 | _n0 | ||
| 948 | _c04/03/1997 | ||
| 999 |
_c18981 _d18981 |
||